000 00616nam a22002177a 4500
999 _c338876
_d338876
001 52788
003 UA-OsUOA
005 20190926154003.0
007 ta
008 20080304b un ||||| |||| 00| 0 ukr d
040 _aUA-OsUOA
_bukr
_cUA-OsUOA
_dUA-OsUOA
041 _aukr
080 _a330.1(075.8)
090 _a330.1(075.8)
_bО-75
245 _aОснови економічної теорії
_bнавчальний посібник
_cЮ. В. Ніколенко
260 _aК.
_bЦНЛ
_c2003
300 _a540 с.
650 7 _a330 Економіка взагалі
_2UDC
942 _cBK
_2udc
955 _a2